Kappa ; (Record no. 17478)
[ view plain ]
| 000 -CABECERA | |
|---|---|
| campo de control de longitud fija | 00969cam a2200289 a 4500 |
| 001 - NÚMERO DE CONTROL | |
| campo de control | 000017954 |
| 005 - FECHA Y HORA DE LA ÚLTIMA TRANSACCIÓN | |
| campo de control | 20200929165307.0 |
| 008 - DATOS DE LONGITUD FIJA--INFORMACIÓN GENERAL | |
| campo de control de longitud fija | 710615s1980 vtu 000 1 eng d |
| 020 ## - NÚMERO INTERNACIONAL ESTÁNDAR DEL LIBRO | |
| Número Internacional Estándar del Libro | 0804809941 |
| 040 ## - FUENTE DE LA CATALOGACIÓN | |
| Centro catalogador/agencia de origen | DO-SdBNP |
| Lengua de catalogación | eng |
| Centro/agencia transcriptor | LC |
| Centro/agencia modificador | BNPHU |
| 041 17 - CÓDIGO DE LENGUA | |
| Código de lengua del texto/banda sonora o título independiente | eng |
| Código de lengua original | jpn |
| Fuente del código | Código de idioma MARC |
| 050 00 - SIGNATURA TOPOGRÁFICA DE LA BIBLIOTECA DEL CONGRESO | |
| Número de clasificación | PZ3.A3195 |
| Número de documento/Ítem | Kap7 |
| Número de clasificación | PL801.K8 |
| 082 ## - NÚMERO DE LA CLASIFICACIÓN DECIMAL DEWEY | |
| Número de clasificación | nn* |
| Número de documento/Ítem | A315k |
| 049 ## - FONDOS LOCALES (OCLC) | |
| Fondos de biblioteca | BNGR |
| 100 1# - ENTRADA PRINCIPAL--NOMBRE DE PERSONA | |
| Nombre de persona | Akutagawa, Ryûnosuke, |
| Fechas asociadas al nombre | 1892-1927. |
| 9 (RLIN) | 38931 |
| 240 10 - TÍTULO UNIFORME | |
| Título uniforme | Kappa. |
| Lenguaje de la obra | English |
| 245 10 - MENCIÓN DE TÍTULO | |
| Título | Kappa ; |
| Resto del título | a novel / |
| Mención de responsabilidad, etc. | Ryûnosuke Akutagawa ; traducción del japones Geoffrey Bownas ; introducción G. H. Healey. |
| 260 ## - PUBLICACIÓN, DISTRIBUCIÓN, ETC. | |
| Lugar de publicación, distribución, etc. | Rutland, Vermont : |
| Nombre del editor, distribuidor, etc. | Charles E. Tuttle Company, |
| Fecha de publicación, distribución, etc. | 1980. |
| 300 ## - DESCRIPCIÓN FÍSICA | |
| Extensión | 141 p. ; |
| Dimensiones | 19 cm. |
| 490 1# - MENCIÓN DE SERIE | |
| Mención de serie | Tut L books |
| 534 ## - NOTA SOBRE LA VERSIÓN ORIGINAL | |
| Encabezamiento principal del original | Publicación original : |
| Localización del original | Kappa |
| 651 #0 - PUNTO DE ACCESO ADICIONAL DE MATERIA--NOMBRE GEOGRÁFICO | |
| Nombre geográfico | Japan |
| Subdivisión general | Fiction. |
| 9 (RLIN) | 38932 |
| 700 1# - PUNTO DE ACCESO ADICIONAL--NOMBRE DE PERSONA | |
| Nombre de persona | Bownas, Geoffrey, |
| Término indicativo de función/relación | tr. |
| 9 (RLIN) | 38933 |
| 700 1# - PUNTO DE ACCESO ADICIONAL--NOMBRE DE PERSONA | |
| Nombre de persona | Healey, G. H., |
| Término indicativo de función/relación | introd. |
| 9 (RLIN) | 38934 |
| 830 #0 - PUNTO DE ACCESO ADICIONAL DE SERIE-TÍTULO UNIFORME | |
| Título uniforme | Tut L books |
| 9 (RLIN) | 38935 |
| 910 ## - DATOS DE OPCIÓN DEL USUARIO (OCLC) | |
| Datos de opción del usuario | Catalogación derivada |
| Estado de retiro | Estado de pérdida | Restricciones de uso | No para préstamo | Código de colección | Localización permanente | Ubicación/localización actual | Ubicación en estantería | Fecha de adquisición | Número de inventario | Total de préstamos | Signatura topográfica completa | Código de barras | Fecha visto por última vez | Precio válido a partir de | Tipo de ítem Koha |
|---|---|---|---|---|---|---|---|---|---|---|---|---|---|---|---|
| Préstamo interno | Monografías: Libros y Folletos | General | General | En catalogación | 07.04.2010 | LF1 | nn* A315k | 17954-10 | 25.06.2020 | 25.06.2020 | Préstamo interno |
